25 Nomes mais populares do Brasil começando com H - Statistics

Estatísticas Gerais
  • Esse quiz foi jogado 349 vezes
  • A pontuação média é 10 de 25
Estatísticas das Respostas
# NOMES FREQUÊNCIA % Correto
5 Helen/Hellen 60.132
89%
2 Helena 197.591
84%
1 Henrique 228.718
74%
4 Hugo 101.231
71%
9 Heitor 36.752
62%
3 Hélio 137.525
59%
6 Heloísa 59.261
55%
8 Humberto 46.222
46%
16 Hanna/Hana/Hannah 12.398
45%
7 Hilda 46.403
38%
25 Horácio 6.937
37%
18 Hélia 12.109
36%
12 Heleno 17.999
34%
21 Hércules 10.318
25%
11 Hamilton 20.068
24%
14 Hermes 12.845
21%
10 Hudson 23.087
21%
13 Hélder 13.311
20%
22 Helenice 9.571
20%
15 Hilton 12.553
20%
19 Haroldo 11.727
19%
20 Hélton 10.915
19%
17 Hosana 12.268
19%
24 Herbert 7.332
12%
23 Hilário 8.307
9%
Nenhum quiz correspondente encontrado
Distribuição das Pontuações
Porcentagem de Pessoas com Cada Pontuação
Percentil de Números Respondidos
Sua Pontuação Histórica
Você não jogou esse quiz